000 00688cam a2200229u 4500
001 23887
003 BD-RjUL
005 20211209001001.0
008 140312r19481940enkbf 000 0 eng
035 _a(BD-RjUL)23952
040 _aDLC
_cCarP
_dDLC
_dBD-RjUL
_beng
041 _aeng
082 0 0 _221
_a915.2
_bSTW 1948
100 1 _aStark, Freya.
_973550
245 1 2 _aA winter in Arabia /
_c Freya Stark.
260 _aLondon :
_bJohn Murray,
_c1940 [Reprinted 1948].
300 _ax ,265 p. :
_bplates, ports, maps. ;
_c20 cm.
651 0 _aḤaḍramawt (Yemen : Province)
_xDescription and travel.
_971530
942 _2ddc
_cBK
999 _c23887
_d23887